[Event "29th ECC Women 2025"]
[Site "Rhodes GRE"]
[Date "2025.10.21"]
[Round "3.6"]
[White "Muzychuk, Mariya"]
[Black "Wagner, Dinara"]
[Result "1/2-1/2"]
[WhiteTitle "GM"]
[BlackTitle "IM"]
[WhiteElo "2485"]
[BlackElo "2410"]
[WhiteTeam "Turkish Airlines sports club"]
[BlackTeam "SuperChess"]
[WhiteFideId "14114550"]
[BlackFideId "24157570"]
[EventDate "2025.10.19"]
[EventType "team"]

1. c4 Nf6 2. Nc3 e5 3. Nf3 Nc6 4. e4 Bb4 5. d3 d6 6. a3 Bc5 7. b4 Bb6 8. Na4 Bd4
9. Nxd4 Nxd4 10. Be2 O-O 11. O-O a6 12. Nc3 b5 13. Be3 c6 14. f4 h6 15. f5 Re8
16. Bf3 Rb8 17. Rb1 a5 18. cxb5 cxb5 19. Bf2 axb4 20. axb4 d5 21. Kh1 dxe4 22.
dxe4 Bb7 23. Qd3 Rc8 24. Rfd1 Nxf3 25. Qxf3 Qc7 26. Bc5 Bc6 27. Rd6 Nd7 28. Qd3
Qb7 29. Rd1 Nxc5 30. bxc5 b4 31. Nd5 Bxd5 32. Rxd5 b3 33. Rb1 Qb4 34. Qxb3 Qxe4
35. Rf1 Rb8 36. Qd3 Qxd3 37. Rxd3 e4 38. Re3 Rbc8 39. Rc1 Re5 40. g4 Rcxc5 1/2-1/2

[Event "29th ECC Women 2025"]
[Site "Rhodes GRE"]
[Date "2025.10.21"]
[Round "3.7"]
[White "Fataliyeva, Ulviyya"]
[Black "Tsolakidou, Stavroula"]
[Result "0-1"]
[WhiteTitle "IM"]
[BlackTitle "IM"]
[WhiteElo "2410"]
[BlackElo "2453"]
[WhiteTeam "SuperChess"]
[BlackTeam "Turkish Airlines sports club"]
[WhiteFideId "13403052"]
[BlackFideId "4264312"]
[EventDate "2025.10.19"]
[EventType "team"]

1. d4 Nf6 2. Nf3 g6 3. g3 Bg7 4. Bg2 O-O 5. O-O d6 6. Re1 Nbd7 7. e4 e5 8. Nc3
c6 9. a4 Qc7 10. h3 Re8 11. Be3 b6 12. Qd2 Rb8 13. Nh2 a6 14. g4 b5 15. axb5
axb5 16. dxe5 dxe5 17. b4 Nb6 18. Bh6 Nc4 19. Qc1 Qe7 20. Bxg7 Kxg7 21. Rb1 h5
22. g5 Nh7 23. h4 f6 24. f4 Qa7+ 25. Kh1 Qf2 26. gxf6+ Nxf6 27. Rf1 Qxh4 28. Kg1
Ng4 29. Nxg4 Bxg4 30. f5 Qg3 31. Nd1 Bxd1 32. Rb3 Qg4 33. Rxd1 Qf4 34. Rd7+ Kh6
35. Qe1 Rbd8 36. Rf3 Rxd7 37. Rxf4 exf4 38. fxg6 Ne5 39. Qh4 Rd1+ 40. Kf2 Nxg6
41. Qf6 Red8 42. Bf3 R8d2+ 43. Be2 Rh1 0-1

[Event "29th ECC Women 2025"]
[Site "Rhodes GRE"]
[Date "2025.10.21"]
[Round "3.8"]
[White "Lu, Miaoyi"]
[Black "Efroimski, Marsel"]
[Result "1/2-1/2"]
[WhiteTitle "IM"]
[BlackTitle "IM"]
[WhiteElo "2431"]
[BlackElo "2380"]
[WhiteTeam "Turkish Airlines sports club"]
[BlackTeam "SuperChess"]
[WhiteFideId "8618020"]
[BlackFideId "2810964"]
[EventDate "2025.10.19"]
[EventType "team"]

1. d4 Nf6 2. Bf4 d5 3. e3 e6 4. Nf3 c5 5. c3 Nc6 6. Nbd2 Nh5 7. Bg5 f6 8. Bh4 g6
9. Be2 cxd4 10. cxd4 Be7 11. Rc1 O-O 12. Nb3 Ng7 13. Bg3 Bd6 14. Bxd6 Qxd6 15.
Qc2 Nb4 16. Qb1 e5 17. dxe5 fxe5 18. Rd1 Qc7 19. O-O Bf5 20. Qa1 Rad8 21. a3 Nc6
22. Rd2 Qe7 23. Rc1 Bg4 24. Nc5 d4 25. Qa2+ Kh8 26. Qb3 Na5 27. Qd1 b6 28. Ne4
dxe3 29. fxe3 Nf5 30. Rc3 Rxd2 31. Nfxd2 Bxe2 32. Qxe2 Nb7 33. b4 Nbd6 34. Qd3
Rd8 35. Qc2 Nxe4 36. Nxe4 Rd7 37. h3 Kg7 38. Kh2 Nd6 39. Rc6 Nxe4 40. Qxe4 Rd6
41. Rc8 Rd7 42. a4 Rc7 43. Rb8 Qd6 44. Re8 Re7 45. Ra8 Qc7 46. Kg3 Rf7 47. h4
Rf8 48. Rxf8 Kxf8 49. h5 Kg7 50. hxg6 hxg6 51. b5 Qe7 52. Kf3 Qf7+ 53. Ke2 Qa2+
54. Kf3 Qf7+ 55. Kg3 Qe7 56. Kh3 Qe6+ 57. g4 Kh6 58. Qa8 Kg5 59. Qe4 Qf6 60. Kg3
Qh8 61. Kg2 Qf6 62. Kg3 Qh8 63. Kg2 Qf6 64. Qc6 Qf7 65. Qe4 Qa2+ 66. Kg3 Qa1 67.
Kg2 Qb2+ 68. Kg3 Qa1 1/2-1/2

[Event "29th ECC Women 2025"]
[Site "Rhodes GRE"]
[Date "2025.10.21"]
[Round "3.9"]
[White "Injac, Teodora"]
[Black "Ushenina, Anna"]
[Result "1/2-1/2"]
[WhiteTitle "IM"]
[BlackTitle "GM"]
[WhiteElo "2436"]
[BlackElo "2407"]
[WhiteTeam "Sirmium Sremska Mitrovica"]
[BlackTeam "CE Gambit Bonnevoie"]
[WhiteFideId "932400"]
[BlackFideId "14110911"]
[EventDate "2025.10.19"]
[EventType "team"]

1. d4 d5 2. Nf3 Nf6 3. e3 e6 4. Bd3 b6 5. O-O Bd6 6. b3 O-O 7. Bb2 Bb7 8. c4
Nbd7 9. Nbd2 Ne4 10. Rc1 Re8 11. Qc2 f5 12. Rfd1 Rc8 13. Nf1 Qe7 14. Ne5 c6 15.
Qe2 Nxe5 16. dxe5 Bb8 17. f3 Nc5 18. Bb1 a5 19. Ng3 Ba6 20. Qf2 Nd7 21. f4 g6
22. Qf3 b5 23. Bd3 Nc5 24. Bf1 Qb7 25. Bd4 Ba7 26. Rc2 Ne4 27. c5 Nxg3 28. hxg3
h5 29. Qe2 Ra8 30. a3 Qe7 31. Qe1 Qc7 32. Ra1 Bc8 33. Rac1 Bb8 34. Rb2 Re7 35.
Bd3 Bd7 36. Rbc2 Be8 37. Be2 Qd8 38. Kf2 a4 39. b4 Raa7 40. Qh1 Rh7 41. Qh4 Qxh4
42. gxh4 Rab7 1/2-1/2

[Event "29th ECC Women 2025"]
[Site "Rhodes GRE"]
[Date "2025.10.21"]
[Round "3.10"]
[White "Maltsevskaya, Aleksandra"]
[Black "Garifullina, Leya"]
[Result "1/2-1/2"]
[WhiteTitle "IM"]
[BlackTitle "IM"]
[WhiteElo "2394"]
[BlackElo "2453"]
[WhiteTeam "CE Gambit Bonnevoie"]
[BlackTeam "Sirmium Sremska Mitrovica"]
[WhiteFideId "24174041"]
[BlackFideId "34127035"]
[EventDate "2025.10.19"]
[EventType "team"]

1. e4 c5 2. Nc3 d6 3. Bb5+ Bd7 4. Bxd7+ Qxd7 5. d4 cxd4 6. Qxd4 Nc6 7. Qd3 g6 8.
Nf3 Bg7 9. O-O Nf6 10. Bg5 O-O 11. Nd5 Ne8 12. Rad1 Rc8 13. e5 f6 14. exf6 Nxf6
15. Nxf6+ Bxf6 16. Rfe1 Bxg5 17. Nxg5 Qf5 18. Qb3+ Kh8 19. Qg3 Ne5 20. c3 Rc4
21. Rd4 Rxd4 22. cxd4 Nc6 23. Qh4 h5 24. h3 Qd5 25. Nf3 Kg7 26. a3 Rf7 27. Re3
a5 28. Ng5 Rf6 29. g4 Kh6 30. Ne4 Rf7 31. gxh5 gxh5 32. Ng3 Nxd4 33. Nxh5 Nf3+
34. Rxf3 Qxf3 35. Nf4+ Kg7 36. Ne6+ Kg8 37. Qg5+ Kh7 38. Qh4+ 1/2-1/2

[Event "29th ECC Women 2025"]
[Site "Rhodes GRE"]
[Date "2025.10.21"]
[Round "3.11"]
[White "Beydullayeva, Govhar"]
[Black "Danielian, Elina"]
[Result "1/2-1/2"]
[WhiteTitle "WGM"]
[BlackTitle "GM"]
[WhiteElo "2362"]
[BlackElo "2410"]
[WhiteTeam "Sirmium Sremska Mitrovica"]
[BlackTeam "CE Gambit Bonnevoie"]
[WhiteFideId "13413015"]
[BlackFideId "13300210"]
[EventDate "2025.10.19"]
[EventType "team"]

1. d4 d5 2. c4 dxc4 3. e4 Nf6 4. Nc3 e5 5. Nf3 exd4 6. Qxd4 Qxd4 7. Nxd4 Bc5 8.
Ndb5 Na6 9. Bf4 Be6 10. Bxc7 O-O 11. Bd6 Rfd8 12. Bxc5 Nxc5 13. Nc7 Rac8 14.
Nxe6 Nxe6 15. Be2 a6 16. f3 b5 17. a3 Kf8 18. Rd1 Rxd1+ 19. Kxd1 Nd7 20. Kc1
Ndc5 21. Rd1 Nb3+ 22. Kb1 Ned4 23. Bf1 g5 24. Ne2 Rd8 25. Nc3 Ke7 26. a4 h5 27.
e5 Nxf3 28. Rxd8 Kxd8 29. Be2 Nxe5 30. axb5 axb5 31. Nxb5 h4 32. Kc2 Nc5 33. Nd6
Ncd3 34. Nxc4 Nxc4 35. Kxd3 Nxb2+ 36. Ke4 Ke7 37. Kf5 f6 38. g3 hxg3 39. hxg3
Na4 40. Bc4 Nc3 41. g4 Na4 42. Bb3 Nc5 43. Bc4 Nb7 44. Ba2 Nd6+ 45. Kg6 Ne4 46.
Bd5 Nc3 47. Bb3 Ne2 48. Bg8 Nd4 49. Bc4 Nc2 50. Ba6 Ke6 51. Bc8+ Ke5 52. Bd7 Ne3
53. Bc8 Nd5 54. Kf7 Nc3 55. Kg6 Ne4 56. Bd7 Nc5 57. Bc8 Ne6 58. Kf7 Nf4 59. Kg7
Ng2 60. Kg6 Ne3 61. Bd7 Nd5 62. Kf7 Nc3 63. Kg6 Ne4 64. Bc8 Kf4 65. Bd7 Nf2 66.
Kxf6 Nxg4+ 67. Kg7 Ne5 68. Bc8 Nc4 69. Kf6 Nd6 70. Bd7 Ne4+ 71. Kg6 Nc5 1/2-1/2

[Event "29th ECC Women 2025"]
[Site "Rhodes GRE"]
[Date "2025.10.21"]
[Round "3.12"]
[White "Kulon, Klaudia"]
[Black "Balabayeva, Xeniya"]
[Result "0-1"]
[WhiteTitle "IM"]
[BlackTitle "WGM"]
[WhiteElo "2336"]
[BlackElo "2349"]
[WhiteTeam "CE Gambit Bonnevoie"]
[BlackTeam "Sirmium Sremska Mitrovica"]
[WhiteFideId "1131044"]
[BlackFideId "13719688"]
[EventDate "2025.10.19"]
[EventType "team"]

1. c4 e6 2. Nf3 d5 3. e3 Nf6 4. Nc3 Be7 5. b3 O-O 6. Bb2 c5 7. cxd5 Nxd5 8. h4
Nxc3 9. Bxc3 Bf6 10. Qc2 Bxc3 11. dxc3 Nc6 12. Bd3 f5 13. g4 Qd5 14. e4 Qd6 15.
gxf5 exf5 16. Ng5 Ne5 17. O-O-O Nxd3+ 18. Rxd3 Qf4+ 19. Kb2 h6 20. Nh3 Qxh4 21.
Qd2 fxe4 22. Rg3 Qf6 23. Qd5+ Kh8 24. Qxe4 Bxh3 25. Rhxh3 Rae8 26. Qxb7 Re2+ 27.
Ka3 Re7 28. Qb5 Qxf2 29. Qc6 Rf6 30. Qc8+ Kh7 31. b4 Qe2 32. Rd3 cxb4+ 33. cxb4
Rf2 34. Qc4 Qb2+ 35. Ka4 Qxa2+ 36. Qxa2 Rxa2+ 37. Kb5 Rb7+ 38. Kc6 Rxb4 39. Rhg3
Rc2+ 40. Kd7 Rb7+ 41. Kd8 a5 42. Rd5 Ra7 43. Ra3 a4 44. Rd4 Rf2 45. Ke8 Rb2 0-1

[Event "29th ECC Women 2025"]
[Site "Rhodes GRE"]
[Date "2025.10.21"]
[Round "3.13"]
[White "Osmak, Yuliia"]
[Black "Tokhirjonova, Gulrukhbegim"]
[Result "1/2-1/2"]
[WhiteTitle "IM"]
[BlackTitle "IM"]
[WhiteElo "2464"]
[BlackElo "2370"]
[WhiteTeam "C'Chartres échecs"]
[BlackTeam "SK Zmaj"]
[WhiteFideId "14101602"]
[BlackFideId "14203626"]
[EventDate "2025.10.19"]
[EventType "team"]

1. e4 e5 2. Nf3 Nc6 3. Bc4 Bc5 4. d3 Nf6 5. Nbd2 d6 6. c3 a6 7. Nf1 Ba7 8. Bb3
h6 9. Ng3 O-O 10. O-O Re8 11. Re1 Be6 12. Bc2 d5 13. exd5 Nxd5 14. a3 Nf6 15. h3
Qd6 16. Nh4 Qd7 17. Qf3 Bd5 18. Ne4 Nh7 19. Qh5 Qe6 20. Be3 Bxe4 21. dxe4 Bxe3
22. Rxe3 Rad8 23. Rg3 Ne7 24. Qe2 Ng5 25. Rd1 Qf6 26. Nf5 Ne6 27. Rxd8 Rxd8 28.
Rd3 Rxd3 29. Qxd3 Nxf5 30. exf5 Nc5 31. Qd5 Qd6 32. Qxd6 cxd6 33. b4 Nd7 34. Be4
b6 35. Kf1 Kf8 36. Ke2 Ke7 37. Kd3 Kd8 38. Bb7 Nb8 39. Ke4 Kc7 40. Bd5 f6 41.
Ba8 Nc6 42. Kd5 Nd8 43. a4 Kd7 44. h4 Kc7 45. Kc4 Kb8 46. Bf3 Kc7 47. Kd5 Kd7
48. Be2 Nc6 49. Bxa6 Ne7+ 50. Kc4 Nxf5 51. h5 Ne7 52. Bb7 Kc7 53. Bd5 f5 54. Bf7
Kc6 55. Be8+ Kc7 56. g3 d5+ 57. Kd3 Kd6 58. f4 e4+ 59. Ke3 Ng8 60. Kd4 Nf6 61.
Bg6 Kc7 62. Ke3 Kd6 63. Bf7 Ng4+ 64. Ke2 Nf6 65. Kd2 Ke7 66. Bg6 Kd6 67. Ke3
Ng4+ 68. Kd4 Nf6 69. c4 dxc4 70. Kxc4 Nd5 71. Kd4 Nf6 72. Bxf5 Nxh5 73. a5 bxa5
74. bxa5 Nxg3 75. Bxe4 Nxe4 76. Kxe4 g6 77. f5 gxf5+ 78. Kxf5 Kc6 79. Kg6 Kb5
80. Kxh6 Kxa5 1/2-1/2

[Event "29th ECC Women 2025"]
[Site "Rhodes GRE"]
[Date "2025.10.21"]
[Round "3.14"]
[White "Malikova, Marjona"]
[Black "Daulyte-Cornette, Deimante"]
[Result "1/2-1/2"]
[WhiteTitle "WIM"]
[BlackTitle "IM"]
[WhiteElo "2042"]
[BlackElo "2386"]
[WhiteTeam "SK Zmaj"]
[BlackTeam "C'Chartres échecs"]
[WhiteFideId "14212463"]
[BlackFideId "12802859"]
[EventDate "2025.10.19"]
[EventType "team"]

1. e4 c5 2. Nf3 Nc6 3. Bb5 g6 4. Bxc6 dxc6 5. d3 Bg7 6. h3 e5 7. Nc3 Qd6 8. Be3
Nf6 9. Qd2 h6 10. O-O g5 11. d4 cxd4 12. Bxd4 Nh5 13. Be3 Qf6 14. Bc5 Bxh3 15.
Nh2 Be6 16. Rfd1 Nf4 17. a4 Bf8 18. Qe3 b6 19. Bxf8 Kxf8 20. a5 b5 21. Qc5+ Kg7
22. Rd6 a6 23. Ng4 Qg6 24. Nxe5 Qh5 25. Nd3 Ng6 26. f4 Bc4 27. f5 Nh4 28. Ne1
Rhe8 29. b3 Be2 30. Qd4+ Kh7 31. Qf6 Bg4 32. Rd7 Kg8 33. b4 Rac8 34. Qd4 Be2 35.
Rd6 Bc4 36. Rd1 Kh7 37. Qf2 1/2-1/2

[Event "29th ECC Women 2025"]
[Site "Rhodes GRE"]
[Date "2025.10.21"]
[Round "3.15"]
[White "Schippke, Manon"]
[Black "Salimova, Asal"]
[Result "0-1"]
[WhiteTitle "WIM"]
[BlackTitle "WCM"]
[WhiteElo "2359"]
[BlackElo "2123"]
[WhiteTeam "C'Chartres échecs"]
[BlackTeam "SK Zmaj"]
[WhiteFideId "45100446"]
[BlackFideId "14204940"]
[EventDate "2025.10.19"]
[EventType "team"]

1. d4 d5 2. c4 e6 3. Nf3 Nf6 4. g3 dxc4 5. Bg2 Bb4+ 6. Bd2 a5 7. Qc2 c5 8. Bxb4
cxb4 9. Qxc4 b6 10. O-O Ba6 11. Qc2 Nbd7 12. Re1 Rc8 13. Qd1 O-O 14. e4 Qc7 15.
a3 bxa3 16. Nxa3 e5 17. d5 Qd6 18. Nh4 g6 19. Qd2 Nc5 20. Qg5 Kh8 21. f4 Nd3 22.
fxe5 Nxe5 23. h3 Nfd7 24. Rac1 Qb4 25. Red1 Qxb2 26. Nb1 a4 27. Qe3 Bd3 28. Qe1
a3 29. Nd2 Bc2 30. Rb1 Bxb1 31. Rxb1 Qd4+ 32. Kh2 a2 33. Ra1 Rc2 34. Nb3 Qb2 35.
Qb4 g5 0-1

[Event "29th ECC Women 2025"]
[Site "Rhodes GRE"]
[Date "2025.10.21"]
[Round "3.16"]
[White "Agarwal, Amaya"]
[Black "Tomasi, Elise"]
[Result "0-1"]
[WhiteTitle "WCM"]
[BlackTitle "WFM"]
[WhiteElo "1818"]
[BlackElo "2095"]
[WhiteTeam "SK Zmaj"]
[BlackTeam "C'Chartres échecs"]
[WhiteFideId "48733580"]
[BlackFideId "26088843"]
[EventDate "2025.10.19"]
[EventType "team"]

1. e4 e5 2. Nf3 Nc6 3. d4 exd4 4. Bc4 Nf6 5. e5 d5 6. Bb5 Nd7 7. O-O Be7 8. Bxc6
bxc6 9. Nxd4 Nb8 10. Nc3 O-O 11. f4 c5 12. Nf3 c6 13. Qe1 Bf5 14. Qf2 Na6 15.
Nd1 f6 16. Ne3 Be4 17. Qe2 Nc7 18. Nd2 fxe5 19. Nxe4 exf4 20. Ng4 dxe4 21. Qxe4
Qd4+ 22. Qxd4 cxd4 23. Bxf4 Nd5 24. Bg3 c5 25. Rae1 h5 26. Ne5 Bg5 27. Rxf8+
Rxf8 28. Nd7 Rf5 29. h4 Be3+ 30. Kh2 Nb4 31. c3 Nd3 32. Re2 Rd5 33. Nb8 Nc1 34.
Re1 d3 35. Nc6 Kh7 36. c4 Rf5 37. Ne7 Rf7 38. Nd5 d2 39. Rd1 Bh6 40. Be5 Nd3 41.
Bc3 Nf2 42. Rxd2 Bxd2 43. Bxd2 Ng4+ 44. Kg3 Nf6 45. Nc3 Re7 46. Kf3 Ng4 47. Bg5
Rd7 48. Ke2 Kg6 49. Nd5 Kf5 50. Be7 Nf6 51. Ne3+ Kf4 52. Bxc5 Ne4 53. Bb4 Rb7
54. b3 Ke5 55. Ba5 Rf7 56. Be1 Rd7 57. Ba5 Nc5 58. Bc3+ Ke4 59. Nd5 Nd3 60. g3
Rf7 61. Bd2 Rf2+ 62. Kd1 Rg2 63. Nc3+ Ke5 64. Nb5 Rxg3 65. Nxa7 Rh3 66. Kc2 Ke4
67. Bg5 Ne5 68. a4 Nf3 69. Be7 Nd4+ 70. Kb2 Rxb3+ 71. Ka2 Rb7 72. Bc5 Ne6 73.
Bg1 Rb4 74. Ka3 Rxc4 75. a5 Kd5 76. a6 Nc7 77. Nc8 Nb5+ 78. Kb3 Rxc8 0-1

[Event "29th ECC Women 2025"]
[Site "Rhodes GRE"]
[Date "2025.10.21"]
[Round "3.17"]
[White "Sivanandan, Bodhana"]
[Black "Bivol, Alina"]
[Result "0-1"]
[WhiteTitle "WFM"]
[BlackTitle "IM"]
[WhiteElo "2205"]
[BlackElo "2361"]
[WhiteTeam "She plays to win Lionesses #1"]
[BlackTeam "Crvena Zvezda"]
[WhiteFideId "497592"]
[BlackFideId "4100123"]
[EventDate "2025.10.19"]
[EventType "team"]

1. e4 d5 2. exd5 Qxd5 3. Nc3 Qa5 4. Nf3 Bf5 5. d4 e6 6. Bd2 Bb4 7. Nb5 Bxd2+ 8.
Qxd2 Qxd2+ 9. Kxd2 Na6 10. a3 Nf6 11. Nc3 Nb8 12. Bb5+ c6 13. Bd3 Bxd3 14. Kxd3
Nbd7 15. Rad1 Rd8 16. Ke2 Ke7 17. Rhe1 Nb6 18. b3 Nbd5 19. Nxd5+ cxd5 20. Nd2
Rc8 21. Rc1 Rhd8 22. Kd3 Rc6 23. f3 Ne8 24. c3 Nd6 25. Rc2 Rdc8 26. Rec1 h5 27.
g3 Ra6 28. Nb1 g5 29. Re1 g4 30. fxg4 hxg4 31. c4 dxc4+ 32. bxc4 f5 33. Rec1 Ne4
34. Rb2 Rc7 35. Rb3 Rd7 36. Ke3 Rad6 37. Rd1 Rc6 38. Rc1 Rc8 39. Rb2 Rcd8 40.
Rd1 b6 41. Rc2 Rh8 42. Re2 Kf6 43. Rd3 Rc7 44. Nc3 Nd6 45. Nb5 Nxc4+ 46. Kf4 Rd7
47. Rc3 Rxh2 48. Rxe6+ Kxe6 49. Rxc4 Rf2+ 50. Kg5 Rg7+ 51. Kh6 Kd5 52. Rc1 Re7
53. Kg5 a6 54. Nc7+ Kxd4 55. Nxa6 Re3 56. Nb4 Rxg3 57. Nc6+ Ke4 58. a4 Re3 59.
Ne7 g3 0-1

[Event "29th ECC Women 2025"]
[Site "Rhodes GRE"]
[Date "2025.10.21"]
[Round "3.18"]
[White "Velikic, Adela"]
[Black "Subramanian, Anusha"]
[Result "1-0"]
[WhiteTitle "WIM"]
[BlackTitle "WFM"]
[WhiteElo "2261"]
[BlackElo "2056"]
[WhiteTeam "Crvena Zvezda"]
[BlackTeam "She plays to win Lionesses #1"]
[WhiteFideId "913553"]
[BlackFideId "477710"]
[EventDate "2025.10.19"]
[EventType "team"]

1. c4 e5 2. Nc3 Nc6 3. g3 f5 4. Bg2 Nf6 5. e3 d6 6. d4 e4 7. Nge2 a5 8. h4 Ne7
9. Nf4 Ng6 10. f3 Nxf4 11. gxf4 exf3 12. Bxf3 Be7 13. h5 Ng4 14. Ke2 Bh4 15.
Bxg4 fxg4 16. Qd3 O-O 17. e4 Be6 18. f5 Bf7 19. Bf4 g3 20. Bxg3 Bxg3 21. Qxg3
Bxc4+ 22. Ke3 Qe7 23. b3 Bf7 24. Rag1 Qf6 25. Qh4 Qh6+ 26. Qf4 Qf6 27. Qg5 Qxg5+
28. Rxg5 h6 29. Rg3 Kh8 30. Kf4 c6 31. Rhg1 Rg8 32. Kg4 b5 33. Kh4 b4 34. Ne2
Rae8 35. Re3 a4 36. e5 dxe5 37. dxe5 axb3 38. axb3 Bxb3 39. Rxb3 Rxe5 40. Ng3 c5
41. Rc1 Rd8 42. Rc4 Red5 43. Kh3 Re8 44. Kg4 Kg8 45. Kf4 Kf7 46. Rb1 Ree5 47.
Ra1 Re7 48. Ne4 b3 49. Rb1 Rb7 50. Rc3 c4 51. Rxc4 Rbb5 52. Kg4 b2 53. Rc2 Rb4
54. Re2 Rdb5 55. Kf4 Kg8 56. Rg2 Kh7 57. Rd2 Rb7 58. Ke3 Rb3+ 59. Kf4 R3b4 60.
Re2 R7b6 61. Kf3 Rb3+ 62. Kg2 R3b5 63. Rf2 Rb4 64. Ng3 Rb3 65. Kh3 R3b4 66. Nf1
Rb3+ 67. Kg4 R6b4+ 68. Rf4 Rb6 69. Rf3 R3b4+ 70. Kg3 Rc4 71. Rf2 Rc3+ 72. Kg2
Rcb3 73. Nd2 R3b4 74. Nf3 R6b5 75. Ne1 Rg4+ 76. Kh3 Re4 77. Ng2 Reb4 78. Nh4 Rc5
79. Ng6 Rc3+ 80. Kh2 Rcb3 81. Kg1 Kg8 82. Rg2 Kf7 83. Rf2 Kf6 84. Nf4 Rb5 85.
Ne2 Rc5 86. Kg2 Rb4 87. Ng3 Rcb5 88. Rc2 Rb7 89. Kf3 Kf7 90. Ne4 R4b6 91. Kf4
Kg8 92. Rc8+ Kh7 93. Nc5 Rb4+ 94. Ke5 Rb8 95. Rxb8 Rxb8 96. Nd3 Re8+ 97. Kf4 Rd8
98. Ke4 Re8+ 99. Kf3 Rd8 100. Ke3 Re8+ 101. Kd4 Rd8+ 102. Ke4 Re8+ 103. Ne5 Rb8
104. Kd5 Rd8+ 105. Ke4 Rd2 106. Nd3 Rh2 107. Rxb2 Rxh5 108. Rb7 Kg8 109. Ne5 Kf8
110. Ng6+ Ke8 111. Rxg7 Rh1 112. Ke5 Ra1 113. Re7+ Kd8 114. Rh7 Ra5+ 115. Kf6
Ra6+ 116. Kg7 Ra7+ 117. Kxh6 Ra5 118. f6 Rf5 119. Kg7 Ke8 120. Rh8+ 1-0

[Event "29th ECC Women 2025"]
[Site "Rhodes GRE"]
[Date "2025.10.21"]
[Round "3.19"]
[White "Weersing, Abigail Riis"]
[Black "Mehmed, Elif"]
[Result "0-1"]
[WhiteTitle "WFM"]
[BlackTitle "WGM"]
[WhiteElo "2032"]
[BlackElo "2295"]
[WhiteTeam "She plays to win Lionesses #1"]
[BlackTeam "Crvena Zvezda"]
[WhiteFideId "460036"]
[BlackFideId "2921103"]
[EventDate "2025.10.19"]
[EventType "team"]

1. d4 Nf6 2. c4 e6 3. Nc3 Bb4 4. Qc2 b6 5. e4 c5 6. a3 Bxc3+ 7. bxc3 Bb7 8. Bd3
d6 9. Nf3 Qe7 10. Bf4 Nc6 11. Bxd6 Qxd6 12. e5 Qe7 13. exf6 Qxf6 14. d5 Na5 15.
Qa4+ Kf8 16. O-O exd5 17. cxd5 Bxd5 18. Rfe1 Bc6 19. Bb5 Bxf3 20. gxf3 g6 21.
Re3 Kg7 22. Rae1 Rhd8 23. Be8 Kf8 24. Re4 Qg5+ 25. Rg4 Qd2 26. Rge4 Rd5 27. h4
Rf5 28. R1e3 Rd8 29. Rf4 Qd1+ 30. Kg2 Qxa4 31. Rxa4 Rxe8 0-1

[Event "29th ECC Women 2025"]
[Site "Rhodes GRE"]
[Date "2025.10.21"]
[Round "3.20"]
[White "Srdanovic, Jovana"]
[Black "Ashton, Alannah"]
[Result "1/2-1/2"]
[WhiteTitle "WIM"]
[BlackTitle "WCM"]
[WhiteElo "2198"]
[BlackElo "1928"]
[WhiteTeam "Crvena Zvezda"]
[BlackTeam "She plays to win Lionesses #1"]
[WhiteFideId "954810"]
[BlackFideId "480681"]
[EventDate "2025.10.19"]
[EventType "team"]

1. d4 Nf6 2. c4 g6 3. g3 c6 4. Bg2 d5 5. e3 Bg7 6. Ne2 dxc4 7. O-O O-O 8. Na3
Be6 9. Qc2 Nd5 10. Bd2 b5 11. b3 cxb3 12. axb3 a5 13. Nb1 Bg4 14. f3 Bc8 15. e4
Nb4 16. Qc3 N8a6 17. Be3 Qb6 18. Qd2 Rd8 19. Nbc3 c5 20. d5 e6 21. Rad1 exd5 22.
exd5 Bf5 23. Rc1 Nd3 24. Rcd1 Ndb4 25. Rc1 Nd3 26. Rcd1 Ndb4 27. Rc1 Nd3 28.
Rcd1 Ndb4 29. Rc1 Nd3 30. Rcd1 Ndb4 31. Rc1 1/2-1/2

[Event "29th ECC Women 2025"]
[Site "Rhodes GRE"]
[Date "2025.10.21"]
[Round "3.21"]
[White "Krasteva, Beloslava"]
[Black "Harmsen, Jessica"]
[Result "1-0"]
[WhiteTitle "FM"]
[BlackTitle "WIM"]
[WhiteElo "2316"]
[BlackElo "2046"]
[WhiteTeam "MSK Centar ASEE"]
[BlackTeam "De Stukkenjagers"]
[WhiteFideId "2922029"]
[BlackFideId "1001612"]
[EventDate "2025.10.19"]
[EventType "team"]

1. Nf3 f5 2. d3 Nf6 3. e4 d6 4. exf5 Bxf5 5. d4 c5 6. Bd3 cxd4 7. Nxd4 Qa5+ 8.
Nc3 Qe5+ 9. Be3 Bg4 10. Qd2 Nc6 11. O-O Bd7 12. Ndb5 Kd8 13. Rfe1 Qh5 14. Be2
Qg6 15. Rad1 Bh3 16. Bf3 Ng4 17. Bg5 Nf6 18. gxh3 h6 19. h4 hxg5 20. hxg5 Nd7
21. Be4 Qh5 22. f4 a6 23. Na3 g6 24. Qe2 Qh4 25. Qf2 Qg4+ 26. Qg3 Qh5 27. Nd5
Bg7 28. c3 Nc5 29. Bf3 Qh7 30. Nc4 b5 31. Nxd6 exd6 32. Nf6 Bxf6 33. Rxd6+ Nd7
34. Bxc6 Ra7 35. Red1 1-0

[Event "29th ECC Women 2025"]
[Site "Rhodes GRE"]
[Date "2025.10.21"]
[Round "3.22"]
[White "Van Amerongen-Jansen, Peggy"]
[Black "Radeva, Viktoria"]
[Result "1-0"]
[BlackTitle "WGM"]
[WhiteElo "2030"]
[BlackElo "2292"]
[WhiteTeam "De Stukkenjagers"]
[BlackTeam "MSK Centar ASEE"]
[WhiteFideId "1001728"]
[BlackFideId "2915405"]
[EventDate "2025.10.19"]
[EventType "team"]

1. e4 c5 2. Nf3 a6 3. c3 e6 4. d4 d5 5. exd5 exd5 6. Bd3 Nc6 7. dxc5 Bxc5 8.
Qe2+ Nge7 9. Nbd2 Bg4 10. Nb3 Bd6 11. h3 Bh5 12. g4 Bg6 13. Nbd4 O-O 14. Be3 Qa5
15. Bf5 Rae8 16. Qd2 Bb8 17. b4 Qc7 18. a4 Ne5 19. Nxe5 Qxe5 20. Bxg6 Nxg6 21.
O-O-O Rc8 22. Kb2 Qe8 23. Kb3 Ne5 24. Rhe1 Qd7 25. Re2 Rfe8 26. Nf5 Rcd8 27. Bd4
f6 28. Rde1 Qc6 29. a5 Qc4+ 30. Ka3 Qb5 31. Bxe5 fxe5 32. h4 Qd7 33. h5 h6 34.
Rd1 e4 35. c4 Re5 36. cxd5 Kh8 37. d6 Rc8 38. Qd4 Re6 39. Rxe4 Ba7 40. Qd3 Rxe4
41. Qxe4 Qf7 42. Rd5 Qf6 43. Qe5 Qg5 44. Ne3 Bxe3 45. fxe3 Qxg4 46. d7 Rd8 47.
Qe8+ Kh7 48. Qxd8 Qc4 49. Qh8+ Kxh8 50. d8=Q+ Kh7 51. Rd3 Qc1+ 52. Kb3 Qb1+ 53.
Kc3 Qc1+ 54. Kd4 Qb2+ 55. Kc4 Qa2+ 56. Rb3 Qc2+ 57. Rc3 Qe4+ 58. Qd4 Qe6+ 59.
Kd3 Qf5+ 60. Qe4 1-0

[Event "29th ECC Women 2025"]
[Site "Rhodes GRE"]
[Date "2025.10.21"]
[Round "3.23"]
[White "Manova, Ivana"]
[Black "De Wit, Patricia"]
[Result "0-1"]
[WhiteTitle "WFM"]
[WhiteElo "2010"]
[BlackElo "2006"]
[WhiteTeam "MSK Centar ASEE"]
[BlackTeam "De Stukkenjagers"]
[WhiteFideId "15003590"]
[BlackFideId "1002147"]
[EventDate "2025.10.19"]
[EventType "team"]

1. e4 c6 2. d4 d5 3. exd5 cxd5 4. Bd3 Nc6 5. c3 Nf6 6. Bf4 Bg4 7. Qb3 Qc8 8. Nd2
e6 9. Ngf3 Be7 10. O-O O-O 11. h3 Bf5 12. Bxf5 exf5 13. Rae1 Rd8 14. Ne5 Ne4 15.
Nxe4 fxe4 16. f3 Nxe5 17. Bxe5 exf3 18. Rxf3 Qd7 19. Rg3 f6 20. Bf4 a5 21. Rge3
Bf8 22. Qb6 Ra6 23. Qc7 Qxc7 24. Bxc7 Rc8 25. Bg3 Kf7 26. Kf2 a4 27. a3 Rcc6 28.
Kf3 Re6 29. h4 Rxe3+ 30. Rxe3 Re6 31. Bf4 Rxe3+ 32. Bxe3 Ke6 33. g4 Bd6 34. Bd2
f5 35. Be3 Be7 36. Kg3 h6 37. g5 h5 38. Kf3 Bd6 39. Bd2 g6 40. Be1 Kd7 41. Bg3
Bxg3 42. Kxg3 Kc6 43. Kf3 Kb5 44. Kf4 Kc4 45. Ke5 b5 46. Kf4 Kb3 47. Ke5 Kxb2
48. Kxd5 Kxc3 49. Ke5 f4 50. d5 f3 51. d6 f2 52. d7 f1=Q 53. d8=Q Qf5+ 54. Kd6
Qd3+ 0-1